000 00587nam a2200229Ia 4500
003 OSt
005 20220928141056.0
006 a|||||r|||| 00| 0
007 ta
008 220927b |||||||| |||| 00| 0 eng d
024 _a13518
037 _cTextual
040 _aSDCL
_cSDCL
_beng
041 _2eng
_aeng
082 _aD65, M2
100 _aBrown Paul B
_9498969
245 0 _aElectronics for the modern scientist.
260 _c1982
700 _a Franz Gunter N
_9498970
942 _hD65, M2
_cTEXL
_2CC
999 _c815927
_d815927